01555nam a2200313 a 4500001001000000005001700010008004100027041000800068044000600076084002000082100004500102245004600147260004300193300005100236500014600287500014300433500019200576500006900768500001100837546002400848650005200872650005600924650003400980650004501014700003601059700004801095700004801143740005001191BRCA_330120190320204219.0190309s1868----u--a---###---#000-0#eng-# aeng au a595b.D49c18681 aCervantes Saavedra, Miguel ded1547-161610aThe History of Don QuixotecBy Cervantes. aSan FranciscobJ. Dewing and Co.c1868 a1 v. en 2 partes (xxviii, 855 p.)bil.c30 cm. aContenido : Primera parte. Noticia biográfica sobre Cervantes por T. Teignmouth Sh. Prólogo del autor. Segunda parte. Prólogo del autor aEdición : The Text Edited by J. W. Clark... and a Biographical Notice of Cervantes by T. Teignmouth Short. Illustrated by Gustave Doré aReproducción de la traducción de Clark, publicada en 1864-67 por Cassel, Petter y Galpin. Tela; lomo y planos decorados con asuntos quijotiles y otros adornos dorados Lúdovik Osterc aEstado físico : Encuadernación y primeras hojas desprendidas aQM479A aTexto en : inglés14aNovela españolayÉpoca clásica, 1500-170014aLiteratura españolayÉpoca clásica, 1500-170014aNovela españolaySiglo XVII14aDon Quijote (Personaje ficticio)eNovela1 aClark, J. W.d1818-1913eEditor1 aTeignmouth Shore, Thomasd1841-1911eEditor1 aDoré, Paul Gustaved1832-1883eIlustrador0 aEl Ingenioso Hidalgo Don Quijote de la Mancha